[Event "Roncana op-C 9th"]
[Site "Santa Eulalia de Roncana"]
[Date "2015.10.31"]
[Round "4"]
[White "Ramos Gil, Denis"]
[Black "Alfonso Martin, Maria"]
[Result "0-1"]
[WhiteElo "1362"]
[BlackElo "1666"]
[PlyCount "36"]
[EventDate "2015.10.03"]
[EventType "swiss"]
[EventRounds "8"]
[EventCountry "ESP"]
[SourceTitle "EXT 2017"]
[Source "ChessBase"]
[SourceDate "2016.10.25"]
[SourceVersion "1"]
[SourceVersionDate "2016.10.25"]
[SourceQuality "1"]

1. e4 e5 2. Nf3 Nc6 3. Bc4 Nf6 4. d3 Bc5 5. Bg5 0-0 6. Nh4 d6 7. Qg4 Bxg4 8. f3 Bd7 9. g3 a5 10. Rf1 d5 11. exd5 Na7 12. Kd1 h6 13. Bxf6 Qxf6 14. d4 Bxd4 15. Ng2 c6 16. f4 cxd5 17. Kd2 dxc4 18. Nc3 Bxc3+ 0-1